000 00748cab a2200265 4500
001 WB3327-11
008 090401t1997 xxu||||| |||| 00| 0 eng d
035 _a(Sirsi) u79525
041 _aeng
245 _aMerryhill expansion rejected
260 _c1997
350 _a0
490 _aDoE News Release
_v(251) 3 July 1997, 1&2 (2)
520 _aThe Planning Minister has rejected the proposal to extend the Merry Hill Shopping Centre near Dudley.
650 _aDUDLEY
650 _aEXPANSION
650 _aMERRY HILL
650 _aPLANNING INQUIRY
650 _aPLANNING POLICY
650 _aREFUSAL
650 _aSHOPPING CENTRES
690 _aPROPERTY-COMMERCIAL PROPERTY-RETAIL PROPERTY
942 _n0
948 _c09/07/1997
999 _c49999
_d49999